Collected plays of Mahesh Elkunchwar : (Record no. 36934)

MARC details
000 -LEADER
fixed length control field 01122nam a22002417a 4500
005 - DATE AND TIME OF LATEST TRANSACTION
control field 2010071403243.0
008 - FIXED-LENGTH DATA ELEMENTS--GENERAL INFORMATION
fixed length control field 100714t xxu||||| |||| 00| 0 eng d
010 ## - LCCN (DPL NO)
LC control number ENG-96394
020 ## - INTERNATIONAL STANDARD BOOK NUMBER
International Standard Book Number 9780198069928
Terms of availability 350.00
035 ## - SYSTEM CONTROL NUMBER
System control number EN-79927
037 ## - SOURCE OF ACQUISITION
Source of stock number/acquisition DBAD / PUB
040 ## - CATALOGING SOURCE
Original cataloging agency dpl
Language of cataloging English
082 ## - DEWEY DECIMAL CLASSIFICATION NUMBER
Classification number 882.08
100 ## - MAIN ENTRY--PERSONAL NAME
Personal name Elkunchwar, Mahesh
245 ## - TITLE STATEMENT
Title Collected plays of Mahesh Elkunchwar :
Remainder of title Garbo, Desire in the rocks, Old stone mansion, Reflection, Sonata, An Actor exists /
Statement of responsibility, etc with an introduction by Samik Bandyopadhyay
260 ## - PUBLICATION, DISTRIBUTION, ETC. (IMPRINT)
Place of publication, distribution, etc New Delhi
Name of publisher, distributor, etc Oxford University Press
Date of publication, distribution, etc 2010
270 ## - ADDRESS
Address YMCA Library Building, Jai Singh Road,
City New Delhi
Postal code 110001
300 ## - PHYSICAL DESCRIPTION
Extent xxxi, 336p. :
Dimensions 23cm (pbk)
Other physical details b&w photos
600 ## - SUBJECT ADDED ENTRY--PERSONAL NAME
Personal name Elkunchwar, Mahesh, 1939-
Form subdivision Translations into English.
942 ## - ADDED ENTRY ELEMENTS (KOHA)
Source of classification or shelving scheme Dewey Decimal Classification
Item type English Books
Call number suffix ELK
Classification part 882.08
Holdings
Withdrawn status Lost status Source of classification or shelving scheme Damaged status Not for loan Collection code Home library Current library Date acquired Source of acquisition Cost, normal purchase price Total Checkouts Full call number Barcode Date last seen Copy number Cost, replacement price Koha item type
    Dewey Decimal Classification   Not For Loan Non-fiction D.B.Act.Division D.B.Act.Division 14/07/2010 DBAD/PUB 350.00   882.08 ELK EN-79927 14/07/2010 1 350.00 English Books

© Delhi Public Library
Hit Counter
free hit counter